| 000 | 00913cam a22002531i 4500 | ||
|---|---|---|---|
| 003 | SA-RiAUC | ||
| 005 | 20241111085958.0 | ||
| 008 | 241107s2015 jo g 000 0 ara c | ||
| 040 |
_aSA-JeALM _bara _cSA-RiAUC _erda |
||
| 082 | 0 | 4 |
_a251 _qSA-RiAUC |
| 090 |
_a251 _bح ر ب |
||
| 100 | 1 |
_aحرب، أحمد حلمي حسن _eمؤلف. |
|
| 245 | 1 | 0 |
_aمقاصد أصول الفقه ومبانيه / _cأحمد حلمي حرب. |
| 250 | _aالطبعة الأولى. | ||
| 264 | 1 |
_aعمان . الأردن : _bدار النور المبين، _c2015 |
|
| 300 |
_a334 صفحة ؛ _c24 × 17 سم |
||
| 336 |
_aنص _btxt _2rdacontent _3كتاب |
||
| 337 |
_aبدون وسيط _bn _2rdamedia |
||
| 338 |
_aمجلد _bnc _2rdacarrier |
||
| 650 | 7 |
_aأصول الفقه الإسلامي _2aucsh |
|
| 650 | 7 |
_aمقاصد الشريعة _2aucsh |
|
| 942 |
_2ddc _cBOOK _n0 |
||
| 949 |
_aSA-JeALM _d241107 _umohamedma123 _n1 |
||
| 999 |
_c2279 _d2279 |
||